000 00566nam a22002057i 4500
001 1980
003 OSt
005 20170126082301.0
007 tu
008 161220s1987 xxu||||| |||| 00| 0 d
024 7 _a1979
_2RID
040 _cOSt
084 _a8.0
_a3.20
_2z
245 0 0 _aVolkswirtschaftliche Gesamtrechnung in der DDR
_bKarl-Marx-Symposium 1987
260 _aBerlin,
_c1987.
300 _a238 S. ;
_c21cm.
490 _aStudien Forschungsberichte Kolloquien
651 _aGerman Democratic Republic
110 2 _aZentralinstitut für Wirtschaftswissenschaften
_eEd.
942 _cB
999 _c1959
_d1959